| 000 | 00796cam a2200265 4500 | ||
|---|---|---|---|
| 001 | ABS65104 | ||
| 008 | 020222n2002 000 0 eng u | ||
| 035 | _a(Sirsi) u116811 | ||
| 245 | _aHants, Dorset and south Wilts | ||
| 260 | _c2002 | ||
| 490 |
_aProperty Week _v67(6) 15 February 2002, 59-76(8) |
||
| 590 | _aABS | ||
| 650 | _aSOUTHAMPTON | ||
| 650 | _aDORSET | ||
| 650 | _aPORTSMOUTH | ||
| 650 | _aBASINGSTOKE | ||
| 650 | _aBOURNEMOUTH | ||
| 650 | _aSALISBURY | ||
| 650 | _aSOUTH WILTSHIRE | ||
| 650 | _aPROPERTY-COMMERCIAL PROPERTY-OFFICE PROPERTY-OFFICE PROPERTY MARKET | ||
| 650 | _aPROPERTY-COMMERCIAL PROPERTY-RETAIL PROPERTY-RETAIL PROPERTY MARKET | ||
| 650 | _aINDUSTRIAL MARKET | ||
| 690 | _aPROPERTY-COMMERCIAL PROPERTY-COMMERCIAL PROPERTY MARKET | ||
| 942 | _n0 | ||
| 999 |
_c69569 _d69569 |
||